Kreisfreie Städte in Bayern - Bildquiz - Statistiken

Allgemein
  • Dieses Quiz wurde 150 mal gespielt
  • Das Durchschnittsergebnis liegt bei 6 aus 14
Antwortstatistiken
Bildquiz Antwort % Korrekt
München
100%
Nürnberg
90%
Passau
72%
Bamberg
70%
Würzburg
58%
Augsburg
34%
Straubing
34%
Landshut
31%
Erlangen
24%
Aschaffenburg
21%
Kempten im Allgäu
20%
Memmingen
20%
Coburg
15%
Kaufbeuren
11%
Keine übereinstimmenden Quizze gefunden
Verteilung der Resultate
Anzahl Personen mit jedem Resultat
Perzentil nach korrekt beantworteten Fragen
Ihre Resultats-Entwicklung
Sie haben dieses Quiz noch nicht gespielt